000 01500nam a2200277 a 4500
001
003 OSt
005 20220923131806.0
008 130823s2005 dr 000 0 spa d
040 _aDO-SdBNP
_bspa
_cBPMSU
082 _aRD863.5
_bB742L 2005
_222
100 1 _aLeón, Luis, de
245 1 0 _aValores en los cuentos de Juan Bosch /
_cLuis de León, prólogo Alejandrina Germán.
260 _aSanto Domingo :
_bPiña y Asociados
_c2005.
300 _a120 p ;
_c22 cm.
500 _aIncluye datos biográficos del autor en la contracubierta
505 0 _aPrólogo --
_tIntroducción --
_tHospitalidad, el recuerdo de lo bello y otros valores en los cuentos de ambiente extranjero --
_tValores en los cuentos de realismo mágico --
_tLa mancha indeleble, un cuento de ética política --
_tSolidaridad, dignidad, nobleza y otros valores en los cuentos de animales --
_tEl honor como valor en los cuentos criollos --
_tEl valor de la mujer y el amor del padre en los cuentos --
_tCuentos sobre gratitud y la amistad --
_tCuentos de perdón, coraje y libertad --
_tCuentos de navidad, un reflejo de amor y bondad --
_tAnexos :
_tTres cuentos de Juan Bosch
_tEl socio --
_tEl alzao --
_tLa desgracia.
590 _aInventariado, 2022/VM
600 1 4 _a Bosch, Juan,
_d1909-2001
_xCritica e interpretación
650 4 _aCuentos dominicanos
650 4 _aValores sociales
650 4 _aLiteratura dominicana
700 1 _aGermán, Alejandrina,
_epról.
910 _aVMateo V.
942 _2ddc
_cBK
999 _c13941
_d13941